000 00879nam a2200265Ia 4500
003 OSt
005 20221005105007.0
006 a|||||r|||| 00| 0
007 ta
008 221004b |||||||| |||| 00| 0 hin d
020 _a8185999619 (hbk)
_c450
024 _a102621
037 _b368, 04/03/2010, Swaraj Prakashan
_cTextual
040 _aCRL
_cCRL
_bhin
041 _2hin
_ahin
082 _aO152,3NMA,MP, P1;P7
100 _aमोर्य, अभय
245 0 _aमुक्ति पथ
246 _aMukti patha
260 _aदिल्ली
_bस्वराज प्रकाशन भारत
_c2007
300 _a256पृ0
_ccm.
650 _aहिन्दी साहित्य
942 _hO152,3NMA,MP, P1;P7
_cTEXL
_2cc
999 _c1014413
_d1014413